书目信息 |
| 题名: |
隔离技术
|
|
| 作者: | ;《半导体器件制造技术丛书》编写组 编 | |
| 分册: | ||
| 出版信息: | 北京 国防工业出版社 1972 |
|
| 页数: | 85页 | |
| 开本: | 20cm | |
| 丛书名: | 半导体器件制造技术丛书 | |
| 单 册: | ||
| 中图分类: | TN405.95 | |
| 科图分类: | ||
| 主题词: | 微电子技术 , 集成电路 | |
| 电子资源: | ||
| ISBN: | ||
| 000 | 00789nam0 2200241 450 | |
| 001 | 0633687515 | |
| 005 | 20061123153739.15 | |
| 010 | @dCNY0.24 | |
| 100 | @a20060510d1972 km y0chiy0120 ea | |
| 101 | 0 | @achi |
| 102 | @aCN@b110000 | |
| 102 | @aCN@b110000 | |
| 200 | 1 | @a隔离技术@Age li ji shu@f《半导体器件制造技术丛书》编写组编@F《ban dao ti qi jian zhi zao ji shu cong shu》bian xie zu bian |
| 210 | @a北京@c国防工业出版社@d1972 | |
| 215 | @a85页@d20cm | |
| 225 | 2 | @a半导体器件制造技术丛书@v7 |
| 410 | 0 | @12001 @a半导体器件制造技术丛书 |
| 606 | 0 | @a微电子技术 |
| 606 | 0 | @a集成电路 |
| 690 | @aTN405.95@v3 | |
| 711 | 0 | @a《半导体器件制造技术丛书》编写组@A《ban dao ti qi jian zhi zao ji shu cong shu》bian xie zu@4编 |
| 801 | 0 | @aCN@bPFT@c20061123 |
| 905 | @a10447@dTN405.95@e13 | |
| 隔离技术/《半导体器件制造技术丛书》编写组编.-北京:国防工业出版社,1972 |
| 85页;20cm.-(半导体器件制造技术丛书;7) |
| ISBN :CNY0.24 |
| ● |
| 相关链接 |
|
|
|
|
正题名:隔离技术
索取号:TN405.95/13
 
预约/预借
| 序号 | 登录号 | 条形码 | 馆藏地/架位号 | 状态 | 备注 |
| 1 | 0017984 | 001352547 | 第二样本阅览室/ [索取号:TN405.95/13] | 在馆 |